书目信息 |
| 题名: |
中外动画简史
|
|
| 作者: | 纪元元 主编 | |
| 分册: | ||
| 出版信息: | 长春 吉林美术出版社 2018 |
|
| 页数: | 125页 | |
| 开本: | 24cm | |
| 丛书名: | ||
| 单 册: | ||
| 中图分类: | J909.1 | |
| 科图分类: | ||
| 主题词: | 动画片--dong hua pian--电影史--世界 | |
| 电子资源: | ||
| ISBN: | 978-7-5575-3111-9 | |
| 000 | 00863nam0 2200253 450 | |
| 001 | 012001007357 | |
| 005 | 20131019114241.0 | |
| 010 | @a978-7-5575-3111-9@dCNY38.00 | |
| 099 | @aCAL 012019000439 | |
| 100 | @a20181106d2018 em y0chiy50 ea | |
| 101 | 0 | @achi |
| 102 | @aCN@b220000 | |
| 105 | @ay a 000yy | |
| 106 | @ar | |
| 200 | 1 | @a中外动画简史@Azhong wai dong hua jian shi@f纪元元主编 |
| 210 | @a长春@c吉林美术出版社@d2018 | |
| 215 | @a125页@d24cm | |
| 320 | @a有书目 (第125页) | |
| 330 | @a本书对中外动画艺术的发展展开了全面的分析。主要内容包括: 动画的起源 ; 动画艺术概述 ; 中国传统动画艺术 ; 中国动画艺术发展 ; 外国动画艺术发展 ; 中外动画艺术对比与合作。 | |
| 606 | 0 | @a动画片@Adong hua pian@x电影史@y世界 |
| 690 | @aJ909.1@v5 | |
| 701 | 0 | @a纪元元@Aji yuan yuan@4主编 |
| 801 | 0 | @aCN@b上海新华@c20191020 |
| 905 | @b1176631-4@dJ909.1@e365@f4 | |
| 中外动画简史/纪元元主编.-长春:吉林美术出版社,2018 |
| 125页;24cm |
| ISBN 978-7-5575-3111-9:CNY38.00 |
| 本书对中外动画艺术的发展展开了全面的分析。主要内容包括: 动画的起源 ; 动画艺术概述 ; 中国传统动画艺术 ; 中国动画艺术发展 ; 外国动画艺术发展 ; 中外动画艺术对比与合作。 |
| ● |
| 相关链接 |
|
|
|
|
正题名:中外动画简史
索取号:J909.1/365
 
预约/预借
| 序号 | 登录号 | 条形码 | 馆藏地/架位号 | 状态 | 备注 |
| 1 | 1176631 | 211766310 | 第一样本阅览室/ [索取号:J909.1/365] | 在馆 | |
| 2 | 1176632 | 211766329 | 第一借阅区/ [索取号:J909.1/365] | 在馆 | |
| 3 | 1176633 | 211766338 | 第一借阅区/ [索取号:J909.1/365] | 在馆 | |
| 4 | 1176634 | 211766347 | 第一借阅区/ [索取号:J909.1/365] | 在馆 |